[Event "13th SRB-chW 2019"]
[Site "Beograd"]
[Date "2019.05.06"]
[Round "1.1"]
[White "Bojicic, Andjela"]
[Black "Benderac, Ana"]
[Result "1/2-1/2"]
[WhiteElo "2105"]
[BlackElo "2214"]
[Annotator "TA"]
[PlyCount "157"]
[EventDate "2019.05.06"]
[EventCountry "SRB"]
[SourceTitle "playchess.com"]
[Source "ChessBase"]
[SourceQuality "1"]

{[%evp 11,157,-8,-2,-2,14,14,27,15,31,-17,-5,0,10,-206,0,-138,-136,-135,-104,-130,-122,-125,-38,-64,-13,-16,0,0,0,0,-7,-100,-91,-100,-100,-100,-100,-100,-100,-100,-100,-101,-100,-107,-84,-104,-29,-29,0,0,0,0,0,0,0,0,-8,-37,0,-81,-79,-76,-33,-74,-71,-118,-100,-105,-78,-90,-84,-108,0,-87,-7,-56,-37,-65,-37,-37,-41,-50,0,-73,-75,-67,-37,-58,0,0,0,-20,0,0,0,0,0,0,0,0,0,0,0,0,0,0,0,0,0,-21,0,-14,-21,-49,0,0,-27,-13,0,0,0,0,0,0,0,0,0,0,0,-27,-27,-261,-43,-226,-199,-1291,-1274,-1070,-1060,-29977,-29969,-1241,-462,-688,0,0,0,0]} 1. d4 d6 2. c4 e5 3. Nc3 exd4 4. Qxd4 Nc6 5. Qd2 Nf6 6. e4 g6 7. Bd3 {A53: Old Indian Defence without Nf3} Ne5 (7... Bg7 8. Nge2 O-O 9. O-O Nd7 10. b3 Nc5 11. Bb2 f5 12. Bb1 Qf6 13. exf5 Bxf5 14. Ng3 Qd4 15. Qxd4 Nxd4 16. Bxf5 Nxf5 {½-½ (86) Harikrishna,P (2672)-Akobian,V (2628) Wijk aan Zee 2010}) 8. Nge2 Bg7 9. O-O {White has an edge.} O-O 10. f4 $146 ({Predecessor:} 10. b3 Nxd3 11. Qxd3 Nd7 12. Be3 Nc5 13. Qd2 f5 14. Rad1 Nxe4 {½-½ (69) Nikolov,M (2555)-Bujisho,B (2333) Sautron 2018}) 10... Nxd3 11. Qxd3 Re8 12. Nd4 $2 {[#]} (12. f5 $11) 12... b6 $2 (12... Nxe4 $1 $19 {[%mdl 512]} 13. Nxe4 d5) 13. Re1 (13. f5 $1 $11) 13... Bb7 $1 $17 14. Nf3 Nd7 15. Be3 Nc5 $1 {[%cal Rc5d3]} 16. Bxc5 bxc5 (16... dxc5 $17 17. Rad1 Qxd3 18. Rxd3 Bxc3 19. Rxc3 Rxe4 20. Rxe4 Bxe4) 17. Rad1 Qe7 (17... Rb8 $15) 18. e5 $11 Bxf3 19. Qxf3 dxe5 20. Nd5 Qd6 21. fxe5 (21. f5 $11) 21... Bxe5 $17 22. Rxe5 {[%mdl 64] Remove Defender} Qxe5 23. Nf6+ Kg7 24. Nxe8+ Rxe8 {[%mdl 4096] Endgame KQR-KQR} 25. Qf2 c6 26. h3 Re6 27. Qd2 Rf6 28. Re1 Qf5 (28... Qd4+ $17 29. Qxd4 cxd4) 29. b3 $11 Re6 30. Rxe6 Qxe6 {KQ-KQ} 31. Qa5 Qe7 32. Qa6 Qc7 33. Qa3 Qb6 34. Qc1 Qa5 35. a4 (35. Qe3 $11) 35... Qd8 $17 36. Qe1 f6 37. Kh1 Kf7 38. Qe3 Qd1+ 39. Kh2 Qd6+ 40. Kh1 Qd4 41. Qf3 Qd6 42. Qe3 $1 f5 (42... Qe7 $17 43. Qh6 Ke6) 43. Qc3 Ke6 44. Qe1+ Kf6 45. Qe8 Kg5 46. Qe2 h5 47. Qe3+ (47. a5 $11) 47... f4 48. Qe4 a6 49. a5 Kh6 ({Black should try} 49... Kf6 $1 $15) 50. Qe8 $11 Qf6 51. Qe4 g5 {White must now prevent ...g4.} 52. Qf3 $1 Qd6 53. Qe2 Qf6 54. Qf3 Qe6 55. Kh2 Kg6 56. Qd3+ Kg7 (56... Kf6 {feels hotter.} 57. Qc3+ Kf7 58. Qf3 Kg6) 57. Qf3 Kh6 58. Kh1 h4 59. Kh2 Kg7 60. Qc3+ Kg6 {Threatens to win with ...Qe2.} 61. Qd3+ Kf6 62. Qf3 Ke7 63. Qc3 Qf6 64. Qe1+ $1 Kd7 65. Qe4 Qe7 66. Qf5+ Kc7 67. Kg1 Qe3+ 68. Kh2 Qe7 69. Kh1 Kd6 70. Qd3+ Ke5 71. Qf3 $2 {[#]} (71. Kg1 $11) 71... Qe6 $2 (71... Kd4 $1 $19 {Hoping for ...Qe1+.} 72. Qxc6 Kc3) 72. Kh2 $2 {[#]} ({Better is} 72. Qf2 $15) 72... Kd4 $1 $19 73. Qf2+ $2 (73. Qd1+ Kc3 74. Qc1+ Kd4 75. Qb2+ Kd3 76. Qb1+ Kc3 77. Qc1+ Kxb3 78. Qb1+ Kc3 79. Qc1+ Kd3 80. Qb1+ Kd2 81. Qb2+ Kd3 82. Qb3+ Kd4 83. Qb2+ Ke4 84. Qe2+ Kf5 85. Qg4+ Kf6 86. Qh5) 73... Qe3 74. Qb2+ Kd3 75. Qa3 Ke2 76. Qb2+ Kf1 (76... Qd2 $142 77. Qe5+ Qe3 78. Qb2+ Kd3) 77. Qb1+ Qe1 $2 ({Black should play} 77... Kf2 $19 {( -> ...Qg3+)} 78. Qb2+ Ke1 79. Qb1+ Kd2) 78. Qd3+ $11 Qe2 79. Qb1+ {Accuracy: White = 53%, Black = 35%.} 1/2-1/2

[Event "13th SRB-chW 2019"]
[Site "Beograd"]
[Date "2019.05.06"]
[Round "1.2"]
[White "Eric, Jovana"]
[Black "Velikic, Adela"]
[Result "1-0"]
[WhiteElo "2221"]
[BlackElo "2323"]
[Annotator "TA"]
[PlyCount "69"]
[EventDate "2019.05.06"]
[EventCountry "SRB"]
[SourceTitle "playchess.com"]
[Source "ChessBase"]
[SourceQuality "1"]

{[%evp 22,69,4,0,23,13,0,0,90,96,104,122,114,110,129,129,93,59,139,129,124,122,254,253,257,162,875,872,942,904,939,914,865,842,939,902,891,882,929,917,908,888,842,862,932,910,1272,1134,2180,2180]} 1. e4 c5 2. Nf3 d6 3. d4 cxd4 4. Nxd4 Nf6 5. Nc3 a6 6. Be3 e5 7. Nb3 Be7 8. f3 Be6 9. Qd2 O-O 10. O-O-O Nbd7 11. g4 b5 12. h4 b4 {B90: Sicilian Najdorf: Unusual White 6th moves, 6 Be3 Ng4 and 6 Be3 e5} (12... Nb6 13. Qf2 Rb8 14. g5 Nfd7 15. f4 exf4 16. Bxf4 Rc8 17. Nd5 Nxd5 18. exd5 Bg4 19. Be2 Bxe2 20. Qxe2 {0-1 (42) Caruana,F (2810)-Vachier Lagrave,M (2798) Dortmund 2016}) 13. Nd5 Bxd5 $1 14. exd5 Nb6 {[#]} (14... a5 $1 $11 {keeps the balance.}) 15. Na5 $1 $16 {[%cal Ra5c6] Strongly threatening Nc6.} Nfxd5 16. Nc6 Qc7 17. Nxe7+ Qxe7 18. Bxb6 $1 Nxb6 19. Qxb4 $146 ({Predecessor:} 19. Qxd6 Qb7 20. Rh2 {0-1 (43) Siemes,R (1996)-Bakshi,R (1643) Duesseldorf 2006}) 19... Rab8 ({Black should try} 19... Qb7 $14) 20. Qxd6 Qb7 {Hoping for ...Nc4!} 21. Qxe5 Na4 (21... Qxf3 $16 22. Bd3 (22. Bxa6 Rfe8 $16) 22... Qxg4) 22. b3 $18 Qb4 23. Bc4 ({Not} 23. Bxa6 Ra8 $16) 23... Rfe8 $2 {[#]} (23... Rbc8 24. Rd3 Nb6) 24. Bxf7+ $1 {[%mdl 512] White is clearly winning.} Kxf7 25. Rd7+ Re7 26. Rxe7+ Qxe7 27. Qxb8 {[%mdl 4096] Endgame KQR-KQN} Qe3+ 28. Kb1 Nc3+ 29. Kb2 Nb5 30. Qb7+ Kf8 31. Qc8+ Ke7 32. Qc4 Qe5+ 33. c3 Qg3 34. Qe2+ Kf7 35. Re1 1-0

[Event "13th SRB-chW 2019"]
[Site "Beograd"]
[Date "2019.05.06"]
[Round "1.3"]
[White "Chelushkina, Irina"]
[Black "Blagojevic, Tijana"]
[Result "1/2-1/2"]
[WhiteElo "2272"]
[BlackElo "2174"]
[Annotator "RC"]
[PlyCount "102"]
[EventDate "2019.05.06"]
[EventCountry "SRB"]
[SourceTitle "playchess.com"]
[Source "ChessBase"]
[SourceQuality "1"]

1. e4 e5 2. Nf3 Nc6 3. Bb5 Nf6 4. d3 Bc5 5. c3 O-O 6. O-O Re8 7. d4 Bb6 8. a4 a6 9. Bxc6 dxc6 10. Nxe5 Nxe4 11. a5 Ba7 12. Qf3 Nd6 13. Be3 f6 14. Nd3 Be6 15. Nd2 Bd5 16. Qd1 Qd7 17. Re1 Qf5 18. Nf4 Bf7 19. g4 Qd7 20. f3 c5 21. d5 Rxe3 22. Rxe3 c4 23. Nf1 Re8 24. Qd2 f5 25. Kh1 Bxe3 26. Nxe3 fxg4 27. Nxg4 Nf5 28. Qg2 Kh8 29. Qh3 Ne3 30. Rg1 Nxd5 31. Qg3 Nxf4 32. Qxf4 Qe7 33. Ne5 Bd5 34. Re1 Kg8 35. Kg1 Qf6 36. Qg3 c6 37. Re3 Qf5 38. Kf2 h6 39. Re2 Re6 40. h4 Kh7 41. Re1 Qc2+ 42. Re2 Qf5 43. Re1 Kg8 44. Re2 Rf6 45. Re3 Re6 46. Re2 Kh7 47. Re1 Qc2+ 48. Re2 Qf5 49. Re1 Qc2+ 50. Re2 Qf5 51. Re1 Qc2+ 1/2-1/2

[Event "13th SRB-chW 2019"]
[Site "Beograd"]
[Date "2019.05.06"]
[Round "1.4"]
[White "Injac, Teodora"]
[Black "Gajcin, Marina"]
[Result "1-0"]
[WhiteElo "2270"]
[BlackElo "2299"]
[Annotator "ChessBase"]
[PlyCount "125"]
[EventDate "2019.05.06"]
[EventCountry "SRB"]
[SourceTitle "playchess.com"]
[Source "ChessBase"]
[SourceQuality "1"]

1. d4 Nf6 2. Nf3 g6 3. Nbd2 c5 4. dxc5 Qa5 5. a3 Qxc5 6. b4 Qc7 7. Bb2 Bg7 8. c4 O-O 9. e3 b6 10. Be2 Bb7 11. Rc1 d6 12. O-O Nbd7 13. Qb3 Rac8 14. Ne1 Ne4 15. Nxe4 Bxb2 16. Qxb2 Bxe4 17. Qd4 Bb7 18. Nf3 Qb8 19. Nd2 Rc7 20. e4 Ba6 21. h4 Qc8 22. Rc3 Nf6 23. h5 b5 24. Rfc1 bxc4 25. a4 Qd8 26. b5 e5 27. Qe3 d5 28. Qg5 Bb7 29. hxg6 fxg6 30. exd5 Nxd5 31. Qxd8 Rxd8 32. Bxc4 Rcd7 33. Nf3 Kg7 34. Bxd5 Bxd5 35. Nxe5 Re7 36. Rc7 Rde8 37. Nd3 Kf6 38. Rxe7 Rxe7 39. Ra1 Bc4 40. Nb4 Rc7 41. Rc1 Ke5 42. Nc6+ Kd5 43. Na5 Rc5 44. Rd1+ Ke4 45. Rd7 a6 46. b6 Bd5 47. b7 Rc1+ 48. Kh2 Rb1 49. Rd8 Bxb7 50. Rb8 Rb4 51. Nxb7 Kd5 52. Rd8+ Kc6 53. Na5+ Kb6 54. Rd5 Rh4+ 55. Kg3 Rxa4 56. Nb3 a5 57. Rxa5 Rxa5 58. Nxa5 Kxa5 59. Kf4 Kb4 60. Kg5 Kc3 61. Kh6 Kd3 62. Kxh7 Ke2 63. Kxg6 1-0

[Event "13th SRB-chW 2019"]
[Site "Beograd"]
[Date "2019.05.06"]
[Round "1.5"]
[White "Nestorovic, Katarina"]
[Black "Drljevic, Ljilja"]
[Result "0-1"]
[WhiteElo "2132"]
[BlackElo "2155"]
[Annotator "TA"]
[PlyCount "54"]
[EventDate "2019.05.06"]
[EventCountry "SRB"]
[SourceTitle "playchess.com"]
[Source "ChessBase"]
[SourceQuality "1"]

{[%evp 14,54,46,46,56,57,76,69,70,33,68,71,80,72,90,82,95,58,96,36,41,33,33,0,5,-43,35,-179,-177,-239,-139,-981,-844,-2295,-2294,-29987,-29980,-29993,-29994,-29994,-29995,-29998,-29999]} 1. e4 e6 2. d4 d5 3. Nc3 {[%cal Bb1c3,Bc3b5,Bb5d6][%mdl 32]} Bb4 4. e5 c5 5. Bd2 Nc6 6. Nb5 Bxd2+ 7. Qxd2 cxd4 8. f4 Nh6 {C17: French: 3 Nc3 Bb4 4 e5 c5 sidelines} (8... Nge7 9. Nd6+ Kf8 10. Nf3 Nf5 11. Nxf5 exf5 12. Nxd4 Qb6 13. O-O-O Be6 14. Be2 a6 15. Rhf1 Rc8 16. Kb1 h5 17. Rf3 Na5 {½-½ (59) Zawadzka,J (2419)-Bednarek,S (2309) Katowice 2017}) 9. Nd6+ Kf8 10. Nf3 f6 {White is slightly better.} 11. Nxd4 Qb6 $146 ({Predecessor:} 11... Nf7 12. Nxc8 Qxc8 13. exf6 gxf6 14. O-O-O Rg8 15. g3 Qd7 16. f5 Nxd4 17. Qxd4 {½-½ (49) Vlasak,L (2247)-Sochorova,P (2205) Kouty nad Desnou 2012}) 12. Nxc6 bxc6 13. O-O-O Rb8 {[%csl Gb8][%cal Rb6b2] [#]} 14. b3 f5 15. h3 a5 16. a4 (16. Nc4 $16 Qc5 17. Qxa5 Qxa5 18. Nxa5) 16... Qc5 {...Rxb3 is the strong threat.} 17. Kb2 Bd7 18. Nc4 Ke7 19. Nxa5 Qa7 (19... Rhd8 $15) 20. Ka3 $2 (20. g4 $14 {keeps the upper hand.}) 20... c5 $19 {Threatens to win with ...Rb4.} 21. Be2 (21. Ra1 {was necessary.}) 21... Rhc8 ({Black should try} 21... Ra8 $19 22. c4 d4) 22. c4 $2 {[%mdl 8192]} (22. Nc4 $17) 22... Rb4 23. cxd5 Qxa5 24. dxe6 {[#]} Rxa4+ $1 {[%mdl 512] Black mates.} 25. bxa4 Qxa4+ 26. Kb2 Rb8+ 27. Kc1 Qa3+ {Accuracy: White = 14%, Black = 53%.} 0-1

[Event "13th SRB-chW 2019"]
[Site "Beograd"]
[Date "2019.05.07"]
[Round "2.1"]
[White "Benderac, Ana"]
[Black "Drljevic, Ljilja"]
[Result "0-1"]
[WhiteElo "2214"]
[BlackElo "2155"]
[Annotator "NA"]
[PlyCount "54"]
[EventDate "2019.05.06"]
[EventCountry "SRB"]
[SourceTitle "playchess.com"]
[Source "ChessBase"]
[SourceQuality "1"]

1. d4 d6 2. c4 e5 3. d5 f5 4. Nc3 Nf6 5. Qc2 Be7 6. e4 Nxe4 7. Nxe4 fxe4 8. Ne2 Nd7 9. Qxe4 O-O 10. Ng3 Nf6 11. Qc2 Kh8 12. Bd3 c6 13. Ne4 cxd5 14. Nxf6 Rxf6 15. cxd5 Qa5+ 16. Kf1 Qxd5 17. Bxh7 g6 18. Bg5 Kxh7 19. Bxf6 Bxf6 20. Rd1 Qf7 21. Rxd6 Bf5 22. Qe2 Rc8 23. g4 Be6 24. Kg2 Be7 25. Rd2 Bg5 26. Rd6 Bd5+ 27. f3 Rc2 0-1

[Event "13th SRB-chW 2019"]
[Site "Beograd"]
[Date "2019.05.07"]
[Round "2.2"]
[White "Gajcin, Marina"]
[Black "Nestorovic, Katarina"]
[Result "1/2-1/2"]
[WhiteElo "2299"]
[BlackElo "2132"]
[Annotator "TA"]
[PlyCount "111"]
[EventDate "2019.05.06"]
[EventCountry "SRB"]
[SourceTitle "playchess.com"]
[Source "ChessBase"]
[SourceQuality "1"]

{[%evp 9,111,0,19,8,9,0,0,0,12,11,28,0,0,6,12,20,4,6,3,0,0,0,23,-7,0,0,1,-9,0,-25,22,18,39,9,9,0,0,0,18,-14,-14,-20,-15,-21,3,2,0,-13,54,48,40,51,53,53,50,66,43,17,58,27,29,16,29,39,91,38,55,58,128,138,149,106,106,114,129,28,23,11,14,15,15,15,18,-9,-9,-9,-9,-9,-9,-9,-9,-9,-9,-9,-9,-9,-9,-9,0,-9,0,0,0,0]} 1. e4 c5 2. Nf3 e6 3. c4 Nc6 4. d4 cxd4 5. Nxd4 Bc5 6. Nb3 {B44: Sicilian: Taimanov: 5 Nb5} (6. Nc2 Nf6 7. Nc3 O-O 8. Be3 b6 9. Be2 Bb7 10. O-O Qe7 11. Qd2 Rfd8 12. Rfd1 Ne5 13. Bxc5 bxc5 {1-0 (51) Carlsen,M (2835)-Caruana,F (2832) London 2018}) 6... Bb4+ 7. Nc3 Nf6 8. Bd3 O-O 9. O-O Ne5 10. Be2 (10. f4 $5 {[%cal Rf4e5]} Nxd3 11. Qxd3 $14) 10... Bxc3 $146 ({Predecessor:} 10... Ng6 11. Qd4 d6 12. Rd1 e5 13. Qd3 Be6 {½-½ (28) Sinnhoefer,J (1825)-Gentemann,M (2181) Germany 2018}) 11. bxc3 d5 12. exd5 exd5 13. cxd5 Nxd5 14. Qd4 Nc6 15. Qd2 Bf5 16. Bb2 Re8 17. Rad1 Nf6 18. Qg5 Qc8 19. Bf3 Ne4 20. Qf4 Qe6 21. h4 Qe5 22. Qxe5 Nxe5 23. Be2 Rac8 24. Nd4 Bd7 25. Rfe1 Ba4 26. Bb5 Bxb5 27. Nxb5 Nc4 28. Bc1 f5 (28... a6 $11 29. Nc7 Rxc7 30. Rxe4 Kf8) 29. Nxa7 $14 Ra8 30. Nb5 $1 {[%cal Rb5c7] Black must now prevent Nc7.} Rxa2 31. f3 Nf6 32. Rxe8+ Nxe8 33. Bf4 Ra5 34. Rd8 Rxb5 35. Rxe8+ $11 {[%mdl 4096] Endgame KRB-KRN} Kf7 36. Rc8 Na5 (36... Rb1+ $14 37. Kh2 b5) 37. h5 ({White should try} 37. Rc7+ $16 Kg8 38. h5) 37... h6 38. Rc7+ Kg8 {[#]} ({Black should play} 38... Kf6 $14) 39. c4 $1 $16 {[%cal Rc4b5]} Rb1+ 40. Kf2 Nc6 41. Kg3 Nd4 {[#]} 42. Be3 (42. Bd6 $1 $16) 42... Ne2+ $1 $11 43. Kh2 f4 {The position is equal.} 44. Bf2 Rf1 45. Bh4 Nd4 46. Kh3 Nf5 {...Rh1+ is the strong threat.} 47. Kg4 Ne3+ {[%mdl 64] Double Attack} 48. Kxf4 Nxg2+ {[%mdl 64] Double Attack} 49. Kg3 $132 {[%mdl 2048] White is fighting back} Nxh4 50. Kxh4 Rxf3 {KR-KR} 51. Kg4 Rf7 52. Rc8+ Kh7 53. c5 g6 54. c6 bxc6 {Hoping for ...gxh5+.} 55. hxg6+ Kxg6 56. Rxc6+ {Accuracy: White = 52%, Black = 54%.} 1/2-1/2

[Event "13th SRB-chW 2019"]
[Site "Beograd"]
[Date "2019.05.07"]
[Round "2.3"]
[White "Blagojevic, Tijana"]
[Black "Injac, Teodora"]
[Result "0-1"]
[WhiteElo "2174"]
[BlackElo "2270"]
[Annotator "ChessBase"]
[PlyCount "164"]
[EventDate "2019.05.06"]
[EventCountry "SRB"]
[SourceTitle "playchess.com"]
[Source "ChessBase"]
[SourceQuality "1"]

1. e4 c5 2. Nc3 d6 3. d4 cxd4 4. Qxd4 Nc6 5. Qd2 Nf6 6. b3 a6 7. Bb2 e6 8. O-O-O Be7 9. Kb1 O-O 10. f4 b5 11. g4 b4 12. g5 bxc3 13. Qxc3 Bb7 14. gxf6 Bxf6 15. Qd2 Bxb2 16. Kxb2 Qf6+ 17. c3 a5 18. a4 Rfd8 19. Nf3 Ne7 20. e5 Qh6 21. Bg2 Ng6 22. Ne1 Bxg2 23. Nxg2 d5 24. h4 Qh5 25. Ne3 Nxf4 26. Qd4 Ne2 27. Qg4 Qxg4 28. Nxg4 h5 29. Nf2 Ng3 30. Rh3 Nf5 31. Ka3 Rdc8 32. Rc1 Rab8 33. Nd3 Rc6 34. Nf4 g6 35. Ne2 Kf8 36. Rf1 Kg7 37. Rf4 Rcb6 38. b4 f6 39. exf6+ Kxf6 40. b5 e5 41. Rf1 Rc8 42. Nc1 Rbb8 43. Nb3 Ra8 44. Nd2 Ra7 45. Rb1 e4 46. Nb3 e3 47. b6 Re7 48. Nxa5 Rxc3+ 49. Kb4 Rc8 50. b7 Rb8 51. Kc3 d4+ 52. Kd3 Rc7 53. Rb6+ Kg7 54. Rb3 Re7 55. Rh2 Ng3 56. Nc6 Rexb7 57. Rxb7+ Rxb7 58. Nxd4 Rd7 59. Kc3 Re7 60. Ne2 Nxe2+ 61. Rxe2 Re4 62. Kb3 Kf6 63. a5 Kf5 64. a6 Kf4 65. a7 Re8 66. Rg2 Ra8 67. Rxg6 Rxa7 68. Kc2 Rd7 69. Rf6+ Kg4 70. Re6 Kf3 71. Rf6+ Kg4 72. Re6 Kxh4 73. Rxe3 Kg4 74. Re4+ Kg3 75. Re8 h4 76. Rg8+ Kh2 77. Kc1 Rd3 78. Kc2 Rg3 79. Rf8 h3 80. Kd1 Kg2 81. Ke2 h2 82. Rf2+ Kh3 0-1

[Event "13th SRB-chW 2019"]
[Site "Beograd"]
[Date "2019.05.07"]
[Round "2.4"]
[White "Velikic, Adela"]
[Black "Chelushkina, Irina"]
[Result "0-1"]
[WhiteElo "2323"]
[BlackElo "2272"]
[Annotator "ChessBase"]
[PlyCount "64"]
[EventDate "2019.05.06"]
[EventCountry "SRB"]
[SourceTitle "playchess.com"]
[Source "ChessBase"]
[SourceQuality "1"]

1. d4 d5 2. Nf3 c6 3. c4 e6 4. e3 f5 5. Bd3 Nf6 6. O-O Bd6 7. b3 Qe7 8. a4 Nbd7 9. Ba3 O-O 10. Bxd6 Qxd6 11. Nc3 Ne4 12. Ne2 Rf6 13. h4 Rh6 14. g3 Rf6 15. Nf4 h6 16. Kg2 a5 17. Rc1 b6 18. Qc2 Bb7 19. Qb2 c5 20. cxd5 exd5 21. Rfd1 cxd4 22. Qxd4 Ndc5 23. Bc2 Rd8 24. b4 axb4 25. Qxb4 g5 26. hxg5 hxg5 27. Ne2 Nxf2 28. Qd4 Nfe4 29. Rh1 g4 30. Nh4 Ne6 31. Qb2 d4 32. Nxd4 Qxg3+ 0-1

[Event "13th SRB-chW 2019"]
[Site "Beograd"]
[Date "2019.05.07"]
[Round "2.5"]
[White "Bojicic, Andjela"]
[Black "Eric, Jovana"]
[Result "1/2-1/2"]
[WhiteElo "2105"]
[BlackElo "2221"]
[Annotator "TA"]
[PlyCount "147"]
[EventDate "2019.05.06"]
[EventCountry "SRB"]
[SourceTitle "playchess.com"]
[Source "ChessBase"]
[SourceQuality "1"]

{[%evp 9,147,6,12,7,5,14,0,0,30,27,6,14,33,45,25,33,37,6,48,0,0,3,2,2,27,10,39,37,106,49,126,117,177,174,256,248,306,297,364,368,389,370,419,408,629,444,434,418,358,212,294,83,83,0,0,0,0,0,0,0,0,0,174,0,191,0,119,98,99,0,0,0,411,400,425,425,425,425,420,418,418,335,335,329,321,0,314,314,411,328,328,329,420,412,400,321,314,314,314,314,314,314,314,314,426,384,314,314,314,314,268,0,0,0,0,0,0,0,0,0,0,0,7,0,0,0,0,0,0,0,0,0,0,0,0,0,0,0,0,0]} 1. Nf3 e6 2. d3 c5 (2... d5 3. g3 c5 4. Bg2 Nc6 5. O-O Bd6 6. c3 Nge7 7. a3 O-O 8. b4 b6 9. Nbd2 Bb7 10. Bb2 Rc8 11. Re1 Ng6 12. b5 Nce5 13. a4 Nxf3+ 14. exf3 {½-½ (44) Cordova,E (2609)-Narciso Dublan,M (2521) Catalunya 2014}) 3. c4 d5 4. g3 Nc6 5. cxd5 exd5 6. Bg2 {A04: Unusual lines after 1 Nf3 and King's Indian Attack} Nf6 7. O-O Be7 8. d4 c4 9. Nc3 O-O 10. Ne5 Bf5 11. Bg5 $146 ({Predecessor:} 11. Nxc6 bxc6 12. e4 Nxe4 13. Nxe4 Bxe4 14. Bxe4 dxe4 15. Be3 Qd5 16. Qd2 Rab8 17. Qc3 {0-1 (43) Santos Filho,V (1845)-Pedruzzi,P (1812) Curitiba 2015}) 11... Ne8 12. Bxe7 Nxe7 13. e4 dxe4 14. Nxe4 Bxe4 15. Bxe4 Nd6 16. Bg2 Rc8 17. Rc1 b5 18. d5 a5 (18... Ng6 $14 19. Nc6 Qf6) 19. Qd2 (19. Nc6 $16 Qc7 20. Re1) 19... b4 (19... Re8 $14) 20. Nc6 $16 Nxc6 (20... Qc7 $16) 21. dxc6 $18 Qf6 (21... Nb5 $142 22. Qxd8 Rfxd8) 22. Qd5 a4 23. Rfd1 Rfd8 24. Bh3 Ne8 25. Bd7 Qxb2 {Now ...c3 and Black clings on.} 26. Qxc4 Rc7 (26... Ra8 $142 27. c7 Nxc7 28. Qxc7 Rf8) 27. Bxe8 Rxe8 28. Rd7 Rcc8 29. Qxf7+ Kh8 {[#]} 30. Rcd1 $2 (30. Rc2 $1 $18 {[%mdl 512] and White stays clearly on top.} Qb1+ (30... Qxc2 31. Qxg7#) 31. Kg2) 30... Rf8 $16 {[#]} 31. c7 ({White should play} 31. R7d2 $1 $16 Qc3 32. Qe7) 31... Rxf7 $11 32. Rxf7 {Intending Rd8+ and mate.} Kg8 (32... Rg8 $5 33. Rd8 $8 Qc1+ 34. Kg2 Qc6+ 35. f3 Qe6 $11) 33. Rf3 g5 34. Rd8+ {[%mdl 64] Double Attack} Kg7 35. Rxc8 {[%mdl 4096] Endgame KQ-KRR} Qc1+ 36. Kg2 {aiming for Rff8.} Qc6 $2 (36... g4 $1 $11 {and Black is okay.} 37. Rf6 Qc5) 37. g4 $2 (37. h3 $18) 37... b3 (37... Qd7 $11 {remains equal.} 38. Rd8 Qxc7) 38. axb3 $16 a3 {[#]} 39. Rb8 (39. h3 $1 $16) 39... Qxc7 $11 40. Ra8 Qc5 $2 {[%mdl 8192]} (40... h5 $1 $11 41. h3 (41. Rxa3 hxg4 42. Re3 Qc6+ 43. f3 gxf3+ 44. Kf2 Qc7 $11) (41. gxh5 g4 $11) 41... hxg4 42. hxg4 Qd7) 41. h3 $18 Qd6 {[#]} 42. b4 $1 Qxb4 43. Raxa3 Qe4 44. Ra5 h6 45. Raf5 Kg6 46. Rf6+ Kg7 47. R6f5 Kg6 $1 48. Kh2 Qd4 49. Kg3 Qd1 {[%cal Rd1g1]} 50. Kg2 Qc2 51. Rf6+ Kg7 52. Re6 Qc4 53. Rff6 Qd5+ 54. Kh2 Qd4 55. Rf5 Qb2 56. Re7+ Kg6 57. Rff7 Qb8+ 58. Rc7 Qb2 59. Kg2 Qd4 60. Rfd7 $2 (60. Rf5 $18 {Hoping for Rfc5.} Qe4+ 61. Kh2) 60... Qe4+ $11 {The position is equal.} 61. Kf1 Qb1+ 62. Ke2 {[%cal Rd7d6]} Qe4+ 63. Kd2 Qf4+ 64. Kd3 Qf3+ 65. Kc4 Qe2+ 66. Kb4 {White threatens Rd6+ and mate.} Qb2+ 67. Kc4 {White wants to mate with Rc6+.} Qe2+ 68. Kc3 Qe1+ 69. Kd3 Qd1+ 70. Ke4 {Threatening mate with Rc6+.} Qe2+ 71. Kd5 Qf3+ 72. Kd6 Qf6+ 73. Kd5 {Rd6! would kill now.} Qf3+ 74. Kd6 {Accuracy: White = 56%, Black = 55%.} 1/2-1/2

[Event "13th SRB-chW 2019"]
[Site "Beograd"]
[Date "2019.05.08"]
[Round "3.1"]
[White "Eric, Jovana"]
[Black "Benderac, Ana"]
[Result "1-0"]
[WhiteElo "2221"]
[BlackElo "2214"]
[Annotator "TA"]
[PlyCount "99"]
[EventDate "2019.05.06"]
[EventCountry "SRB"]
[SourceTitle "playchess.com"]
[Source "ChessBase"]
[SourceQuality "1"]

{[%evp 9,99,18,17,33,29,35,31,29,44,27,41,27,26,32,54,20,83,16,19,0,-6,-12,0,-26,-15,-25,-20,-25,-20,-12,-20,-9,-20,-23,-17,0,0,0,26,42,114,119,439,118,127,126,113,99,99,97,125,116,104,103,110,109,144,133,129,127,126,129,126,118,128,112,175,125,206,70,70,41,138,138,172,150,188,152,264,253,439,435,29987,29988,29994,29995,29995,29996,29996,29997,29997,29998]} 1. e4 d5 2. exd5 Qxd5 3. Nc3 Qd6 4. d4 Nf6 5. Nb5 {[%cal Bc3b5,Bb5a3,Ba3c4][%mdl 32]} (5. Nf3 c6 6. g3 Bf5 7. Bg2 h6 8. O-O e6 9. Na4 Nbd7 10. Bf4 Qe7 11. c4 g5 12. Be3 Bg7 13. Qb3 Rb8 {1-0 (88) Grandelius,N (2655)-Andreikin,D (2723) Porto Carras 2018}) 5... Qb6 6. Nf3 {B01: Scandinavian Defence} c6 7. Na3 Bg4 8. c3 {White is slightly better.} Nbd7 9. Nc4 $146 ({Predecessor:} 9. h3 Bh5 10. Be2 e6 11. Nc4 Qc7 12. O-O Bxf3 13. Bxf3 Be7 {½-½ (48) Cornejo,M (2383)-Zapata Ferrada,M (2378) Mar del Plata 2009}) 9... Qc7 10. Be2 e6 11. O-O h6 12. h3 Bh5 (12... Bf5 $11) 13. g4 (13. Re1 $16) 13... Bg6 $11 14. Nfe5 Nxe5 15. Nxe5 Bh7 16. Bf4 Bd6 $1 17. Bf3 Nd5 18. Bg3 f6 19. c4 fxe5 20. dxe5 ({Don't play} 20. cxd5 e4 $17) 20... Bxe5 21. Bxe5 Qxe5 22. cxd5 {Re1 is the strong threat.} O-O {[%cal Re6d5]} 23. dxc6 Rad8 24. Qe2 $1 {[%cal Re2e5]} Qf6 (24... Qxe2 $14 25. Bxe2 bxc6) 25. Rad1 $16 {[%cal Ba1d1,Bd1d6,Bd6e6,Be6e7][%mdl 32] Strongly threatening Rxd8.} Rc8 $2 {[%mdl 8192]} (25... Rb8 $16) 26. Bg2 $2 (26. cxb7 $18 {is the precise move to win.} Rc2 27. Qe3 Rxb2 28. Bg2) 26... bxc6 27. Rd6 c5 28. Rxe6 Qd4 {With the idea ...Bd3.} 29. Be4 Rcd8 30. Bxh7+ Kxh7 31. Re7 Rf4 32. Rxa7 Rdf8 33. Re7 h5 34. gxh5 R8f5 {[#] And now ...Rg5+ would win.} 35. Re3 $1 Rg5+ {[#]} 36. Kh2 $1 Rgf5 37. b3 Kh6 (37... c4 $16 38. bxc4 Qxc4 39. Qxc4 Rxc4) 38. a4 Rxh5 (38... Kh7 $16 39. Qd3 Qxd3 40. Rxd3 c4 41. bxc4 Rxc4) 39. Re6+ ({White should try} 39. Rg1 $18) 39... g6 $1 $14 {White must now prevent ...Rxh3+!} 40. Re3 Qd6 ({Black should play} 40... Rhf5 $14) 41. Rg3 $16 Rhf5 42. Qe3 g5 {Now ...Rf3 and Black clings on.} 43. Kg1 Qf6 (43... c4 $16 44. Qc3 cxb3 45. Qh8+ (45. Qxb3 Qd5 $18) 45... Kg6) 44. a5 $18 Kh5 $2 (44... Qd6 45. Qc3 Rf6) 45. Qe2+ Kh4 (45... Kh6 $18 46. a6 Qb6) 46. Rg4+ {White mates.} Kxh3 47. Rg2 {[%csl Gg1][%cal Rg2h2]} Rf3 48. Qe4 {[%csl Gg1][%cal Rg2h2]} R5f4 49. Qh7+ Rh4 50. Qd7+ {Accuracy: White = 50%, Black = 42%.} 1-0